Detalles MARC
| 000 -LIDER |
| fixed length control field |
03222nam a2200397 a 4500 |
| 001 - NÚMERO DE CONTROL |
| Identificador de número de control |
0000295 |
| 003 - IDENTIFICACDOR DE NÚMERO DE CONTROL |
| control field |
DO-SdBNP |
| 005 - DATE AND TIME OF LATEST TRANSACTION |
| control field |
20180312112242.0 |
| 007 - CAMPOS FIJOS DE DESCRIPCIÓN FÍSICA |
| fixed length control field |
0000295 |
| 008 - ELEMENTOS DE LONGITUD FIJA |
| fixed length control field |
150130s2014 dr ac 000 0 spa d |
| 020 ## - ISBN |
| International Standard Book Number |
9789945119077 (v. 1) |
| 020 ## - ISBN |
| International Standard Book Number |
9789945119046 (v. 2) |
| 020 ## - ISBN |
| International Standard Book Number |
9789945119015 (v. 3) |
| 040 ## - FUENTE DE CATALOGACIÓN |
| Agencia que crea de manera original el registro |
BPMSU |
| Idioma de catalogación |
spa |
| Agencia que realiza la transcripción |
BPMSU |
| 092 ## - LOCALLY ASSIGNED DEWEY DECIMAL CALL NUMBER |
| Número de clasificación |
372.83 |
| Número de ítem (Cutter) |
C355c 3ro. 2014 |
| 100 1# - ASIENTO PRINCIPAL -- NOMBRE PERSONAL |
| Nombre personal |
Ramos Santos, Henry |
| 245 10 - MENCIÓN DE TITULO |
| Título |
Ciencias sociales 3 : |
| Subtítulo |
educación primaria / |
| Mención de responsabilidad |
Henry Ramos Santos ; dirección editorial Claudia Llibre ; ilustración Ruddy Núñez |
| 260 ## - PUBLICACIÓN, DISTRIBUCIÓN, ETC. (PIE DE IMPRENTA) |
| Lugar de publicación, distribución, etc |
Santo Domingo : |
| Nombre del editor, distribuidor, etc. |
Santillana, |
| Fecha de publicación, distribución, etc |
2014. |
| 300 ## - DESCRIPCIÓN FÍSICA |
| Extensión |
v. : |
| Otros detalles físicos |
il., retrs., mapas ; |
| Dimensiones |
29 cm.+ |
| Material complementario |
CD-ROM |
| 490 1# - MENCIÓN DE SERIES |
| Mención de serie |
Proyecto todos juntos |
| 505 0# - NOTA DE CONTENIDO |
| Información miscelánea |
v. 1 : |
| -- |
Bloque 1 -- |
| Título |
Nuestra identidad / |
| -- |
¿De dónde venimos? -- |
| -- |
Mi comunidad -- |
| Información miscelánea |
Bloque 2 -- |
| Título |
Nuestro entorno / |
| -- |
La tierra y el universo -- |
| -- |
Nuestro medio -- |
| -- |
Nuestro país -- |
| -- |
Nuestras actividades -- |
| Información miscelánea |
Bloque 3 -- |
| Título |
Nuestra sociedad / |
| -- |
Normas de convivencia -- |
| -- |
El estado dominicano -- |
| Información miscelánea |
Proyecto del bloque 1-- |
| Título |
El álbum familiar / |
| -- |
Competencia comunicativa; construye un árbol genealógico -- |
| -- |
Competencia ética y ciudadana; construye un folleto turístico de tu comunidad -- |
| Información miscelánea |
Proyecto del bloque 2 -- |
| Título |
El trabajo de los agricultores / |
| -- |
Competencia comunicativa; el ciclo lunar -- |
| -- |
Competencia ética y ciudadana ; diseño de un cartel de ahorro de agua -- |
| -- |
Competencia ética y ciudadana ; aspectos físicos y humanos de las regiones -- |
| -- |
Competencia ambiental y de la salud; decido qué quiero ser cuando sea mayor -- |
| Información miscelánea |
Proyecto del bloque 3 -- |
| Título |
Hacer un mapa mural de las autoridades de mi país / |
| -- |
Competencia ética y ciudadana ; las responsabilidades -- |
| -- |
Competencia ética y ciudadana ; identifico las autoridades del país y de mi comunidad / |
| Mención de responsabilidad |
Eric Castro -- |
| -- |
Henry Ramos / |
| 505 0# - NOTA DE CONTENIDO |
| Información miscelánea |
v. 2 : |
| Título |
Un proyecto bien fundamentado -- |
| -- |
Las claves del proyecto -- |
| -- |
El proyecto todos juntos en el nuevo sistema curricular -- |
| -- |
Los instrumentos del nuevo sistema curricular -- |
| -- |
Las competencias e indicadores de logro para las ciencias sociales en el segundo curso del nivel primario -- |
| -- |
Secuencia de contenidos del primer ciclo del nivel primario -- |
| -- |
Materiales para el estudiante -- |
| -- |
Materiales para el docente -- |
| -- |
El libro de texto del alumno -- |
| -- |
Los proyectos de investigación -- |
| -- |
El cuaderno de fichas de actividades -- |
| -- |
La guía didáctica -- |
| -- |
El libromedia -- |
| -- |
Mapa de contenidos / |
| Mención de responsabilidad |
Henry Ramos Santos |
| 505 0# - NOTA DE CONTENIDO |
| Información miscelánea |
v. 3 |
| Título |
La familia dominicana -- |
| -- |
Mi comunidad -- |
| -- |
La tierra y el universo -- |
| -- |
Nuestro medio -- |
| -- |
Nuestro país -- |
| -- |
Nuestras actividades -- |
| -- |
Normas de convivencia -- |
| -- |
El estado dominicano / |
| Mención de responsabilidad |
Henry Ramos -- |
| 650 #4 - ENCABEZAMIENTO DE MATERIA--TEMÁTICO |
| Término temático o nombre geográfico como elemento de entrada |
CIENCIAS SOCIALES |
| Subdivisión temática general |
ENSEÑANZA BÁSICA |
| 650 #4 - ENCABEZAMIENTO DE MATERIA--TEMÁTICO |
| Término temático o nombre geográfico como elemento de entrada |
CIENCIAS SOCIALES |
| Subdivisión temática general |
EDUCACIÓN PRIMARIA |
| 650 #4 - ENCABEZAMIENTO DE MATERIA--TEMÁTICO |
| Término temático o nombre geográfico como elemento de entrada |
EDUCACIÓN PRIMARIA |
| Subdivisión geográfica |
REPÚBLICA DOMINICANA |
| 650 #4 - ENCABEZAMIENTO DE MATERIA--TEMÁTICO |
| Término temático o nombre geográfico como elemento de entrada |
CIENCIAS SOCIALES |
| Subdivisión temática general |
LIBROS DE TEXTOS |
| 650 #4 - ENCABEZAMIENTO DE MATERIA--TEMÁTICO |
| Término temático o nombre geográfico como elemento de entrada |
CIENCIAS SOCIALES |
| Subdivisión temática general |
ESTUDIOS Y EJERCICIOS |
| 700 12 - ASIENTO SECUNDARIO -- NOMBRE PERSONAL |
| Nombre personal |
Llibre, Claudia |
| Mención de responsabilidad |
ed. |
| 700 12 - ASIENTO SECUNDARIO -- NOMBRE PERSONAL |
| Nombre personal |
Nuñez, Ruddy |
| Mención de responsabilidad |
il. |
| 830 #0 - ASIENTO SECUNDARIO DE SERIE--TÍTULO UNIFORME |
| Título uniforme |
Proyecto todos juntos |
| 910 ## - VALIDACIÓN |
| Validación |
Validado. Control de calidad MFF |
| 942 ## - ADDED ENTRY ELEMENTS (KOHA) |
| Source of classification or shelving scheme |
Dewey Decimal Classification |
| Koha item type |
Libros |
| 945 ## - INFORMACIÓN DE PROCESAMIENTO LOCAL |
| Información de procesamiento local |
Remanejada para la BNPHU 2018 / BT |
| 956 ## - LOCAL ELECTRONIC LOCATION AND ACCESS (OCLC) |
| Nombre de host |
YLOCKWARD |
| Número de acceso |
10 |